Religon as ideology / (Kayıt no. 10202)

MARC ayrıntıları
000 -BAŞLIK
Sabit Uzunluktaki Kontrol Alanı 00609nam a22002057a 4500
003 - KONTROL NUMARASI KİMLİĞİ
Kontrol Alanı KOHA_MİRAKIL
005 - EN SON İŞLEM TARİHİ ve ZAMANI
Kontrol Alanı 20260413125619.0
008 - SABİT UZUNLUKTAKİ VERİ ÖGELERİ - GENEL BİLGİ
Sabit Alan 260413b tu ||||| |||| 00| 0 tur d
040 ## - KATALOGLAMA KAYNAĞI
Özgün Kataloglama Kurumu TR-AnABB
Kataloglama Dili tur
Çeviri Kurumu TR-AnABB
041 ## - DİL KODU
Metin ya da ses kaydının dil kodu eng
082 ## - DEWEY ONU SINIFLAMA SİSTEMİ
Sınıflama Numarası 306.6
Cutter numarası MAR 1969
100 1# - KİŞİ ADI
Yazar Adı (Kişi adı) Mardin, Şerif
245 10 - ESER ADI BİLDİRİMİ
Başlık Religon as ideology /
Sorumluluk Bildirimi Şerif Mardin
260 ## - YAYIN, DAĞITIM, VB.
Yayın Yeri Ankara :
Yayınevi Hacettepe Üniversitesi Yayınları,
Yayın Tarihi 1969
300 ## - FİZİKSEL TANIMLAMA
Sayfa, Cilt vb. 12 sayfa ;
Boyutları 20 cm
490 0# - DİZİ BİLDİRİMİ
Dizi Bildirimi Hacettepe University Publications ;
Cilt Numarası No: 9
650 04 - KONU BAŞLIĞI EK GİRİŞ - KONU TERİMİ
Konusal terim veya coğrafi ad Din sosyolojisi
900 ## - YEREL BİLGİ
Kontrol Can ÇELIK
942 ## - EK GİRİŞ ÖGELERİ (KOHA)
Sınıflama Kaynağı Dewey Decimal Classification
Materyal Türü Kitap
Mevcut
Geri Çekilme Durumu Kayıp Durumu Sınıflandırma Kaynağı Kredi için değil Kalıcı Konum Mevcut Konum Kayıt Tarih Toplam Ödünçverme Yer Numarası Demirbaş Numarası Son Görülme Tarihi Fatura Tarihi Materyal Türü
    Dewey Decimal Classification   Prof. Dr. Ruşen Keleş Kütüphanesi Prof. Dr. Ruşen Keleş Kütüphanesi 13/04/2026   306.6 MAR 1969 RK7020 13/04/2026 13/04/2026 Kitap